000 00332nam a22001457a 4500
003 OSt
020 _a9781878424402
082 _a299.792
_bRUF
100 _aRUIZ, Don Miguel
245 _aThe Four Agreements
260 _aCalifornia:
_bAmber Allen,
_c1997.
300 _axix,140p.
650 _aGeneral Books
942 _2ddc
_cREF
999 _c12772
_d12772